Innovations in Food Packaging (Record no. 14310)
[ view plain ]
| 000 -LEADER | |
|---|---|
| fixed length control field | 00350nam a22001337a 4500 |
| 020 ## - INTERNATIONAL STANDARD BOOK NUMBER | |
| ISBN | 9789381269725 |
| 082 ## - DEWEY DECIMAL CLASSIFICATION NUMBER | |
| Classification number | 664.092 |
| Item number | HAN/IN |
| 245 ## - TITLE STATEMENT | |
| Title | Innovations in Food Packaging |
| 260 ## - PUBLICATION, DISTRIBUTION, ETC. (IMPRINT) | |
| Place of publication | New Delhi |
| Name of publisher | Elsevier |
| Year of publication | 2012 |
| 300 ## - PHYSICAL DESCRIPTION | |
| Number of Pages | 517 |
| 490 ## - SERIES STATEMENT | |
| Series statement | Food Science and Technology, International Series |
| 700 ## - ADDED ENTRY--PERSONAL NAME | |
| Personal name | Han,Jung.H |
| 942 ## - ADDED ENTRY ELEMENTS (KOHA) | |
| Koha item type | Reference |
| Withdrawn status | Lost status | Damaged status | Collection code | Home library | Current library | Shelving location | Date acquired | Source of acquisition | Cost, normal purchase price | Full call number | Accession Number | Koha item type |
|---|---|---|---|---|---|---|---|---|---|---|---|---|
| Reference | KAUAET | KAUAET | Reference | 15/06/2016 | Dream Tech, Trivandrum | 4995.00 | 664.092 HAN/IN | 24440 | Reference |
